000 005020000a22002170004500
005 20120302055740.0
942 _cBOOK
245 _a Vyaayaam DNyaankosh
250 _a 1
260 _aBaroda:Dattatraya Chintaman Mujumdar,1944.
300 _a452p.
040 _aMAR
365 _b7/-
650 _aDnyaankosh
650 _aVyaayaam
650 _aPrakaar
650 _aDeshee-Videshee Prakaar-Vyaayaam
650 _aKhel-Padhatee
650 _aGaanee-Khel
650 _aKasaratee-Videshee
999 _c349268
_d349265